<?xml version="1.0" encoding="UTF-8"?><?xml-stylesheet type="text/xsl" href="static/style.xsl"?><OAI-PMH xmlns="http://www.openarchives.org/OAI/2.0/" xmlns:xsi="http://www.w3.org/2001/XMLSchema-instance" xsi:schemaLocation="http://www.openarchives.org/OAI/2.0/ http://www.openarchives.org/OAI/2.0/OAI-PMH.xsd"><responseDate>2026-04-27T12:58:56Z</responseDate><request verb="GetRecord" identifier="oai:uvadoc.uva.es:10324/10231" metadataPrefix="marc">https://uvadoc.uva.es/oai/request</request><GetRecord><record><header><identifier>oai:uvadoc.uva.es:10324/10231</identifier><datestamp>2021-06-30T07:55:51Z</datestamp><setSpec>com_10324_5385</setSpec><setSpec>com_10324_5186</setSpec><setSpec>com_10324_29291</setSpec><setSpec>col_10324_5441</setSpec></header><metadata><record xmlns="http://www.loc.gov/MARC21/slim" xmlns:doc="http://www.lyncode.com/xoai" xmlns:xsi="http://www.w3.org/2001/XMLSchema-instance" xmlns:dcterms="http://purl.org/dc/terms/" xsi:schemaLocation="http://www.loc.gov/MARC21/slim http://www.loc.gov/standards/marcxml/schema/MARC21slim.xsd">
<leader>00925njm 22002777a 4500</leader>
<datafield tag="042" ind1=" " ind2=" ">
<subfield code="a">dc</subfield>
</datafield>
<datafield tag="720" ind1=" " ind2=" ">
<subfield code="a">Montoliu, Cipriano</subfield>
<subfield code="e">author</subfield>
</datafield>
<datafield tag="260" ind1=" " ind2=" ">
<subfield code="c">2000</subfield>
</datafield>
<datafield tag="520" ind1=" " ind2=" ">
<subfield code="a">Montoliu comenzó a escribir su libro más influyente, Las modernas ciudades y sus problemas, como memoria de su visita a la exposición de Berlín de 1910. Sin embargo, la publicación de esta obra sufrió numerosos retrasos y finalmente apareció sin fecha de edición, aunque probablemente ésta fuese 1913 ó 1914. El extracto que se presenta aquí recoge el epígrafe especificamente dedicado a la ciudad jardín y las conclusiones del capítulo correspondiente y es, sin lugar a dudas, uno de los textos que mejor reflejan las ideas defendidas por Montoliu (y que además tiene un gran valor didáctico). En él, el secretario de la SCCJ se muestra como un entusiasta defensor del civismo y del organicismo, y un acérrimo detractor de la millonaria y desarticulada ciudad decimonónica. Pero quizá lo más relevante de su texto se aprecia al compararlo con la postura de Benolt-Lévy u: a pesar de que sus referencias son en gran parte comunes, sus interpretaciones apenas coinciden. Montoliu otorga gran importancia a cuestiones como la gestión de la ciudad jardín, el cooperativismo o la descentralización industrial; insiste en la diferenciación de la ciudadjardínfrente a los suburbios y las villas o colonias jardines, e incluso presta atención al proceso de síntesis entre la urbanística alemana y la tradición británica de Housing Reform prolongada en la ciudad jardín.</subfield>
</datafield>
<datafield tag="024" ind2=" " ind1="8">
<subfield code="a">Ciudades: Revista del Instituto Universitario de Urbanística de la Universidad de Valladolid, 2000, N.6, pags.187-204</subfield>
</datafield>
<datafield tag="024" ind2=" " ind1="8">
<subfield code="a">1133-6579</subfield>
</datafield>
<datafield tag="024" ind2=" " ind1="8">
<subfield code="a">http://uvadoc.uva.es/handle/10324/10231</subfield>
</datafield>
<datafield tag="024" ind2=" " ind1="8">
<subfield code="a">187</subfield>
</datafield>
<datafield tag="024" ind2=" " ind1="8">
<subfield code="a">6</subfield>
</datafield>
<datafield tag="024" ind2=" " ind1="8">
<subfield code="a">204</subfield>
</datafield>
<datafield tag="024" ind2=" " ind1="8">
<subfield code="a">Ciudades: Revista del Instituto Universitario de Urbanística de la Universidad de Valladolid</subfield>
</datafield>
<datafield ind1=" " ind2=" " tag="653">
<subfield code="a">Urbanismo</subfield>
</datafield>
<datafield tag="245" ind1="0" ind2="0">
<subfield code="a">Las modernas ciudades y sus problemas</subfield>
</datafield>
</record></metadata></record></GetRecord></OAI-PMH>